| 000 | 00410nam a2200157 i 4500 | ||
|---|---|---|---|
| 001 | bg | ||
| 100 | 1 | _aBIR, Gennadij L. | |
| 245 | 0 |
_aSymetria i odkształcanie w półprzewodnikach / _cG.L. Bir, G.E. Pikus. |
|
| 260 |
_aWarszawa, _c1977. |
||
| 700 | 1 | _aPIKUS, Grigorij E. | |
| 040 | _cBPK | ||
| 041 | _apol | ||
| 080 | _a537:548:512.54:538.975 | ||
| 942 | _cKS | ||
| 008 | s pl f |000 0 pol | ||
| 999 |
_c27830 _d27830 |
||
| 856 |
_uhttp://koha.tu.koszalin.pl/cgi-bin/koha/opac-detail.pl?biblionumber=27830 _yKatalog online BPK |
||